General microbiology. (Record no. 10812)

MARC details
000 -LEADER
fixed length control field 00652cam a22002292 4500
001 - CONTROL NUMBER
control field 0000004846
005 - DATE AND TIME OF LATEST TRANSACTION
control field 20151217154350.0
008 - FIXED-LENGTH DATA ELEMENTS--GENERAL INFORMATION
fixed length control field 070530s xx 000 0 eng d
020 ## - INTERNATIONAL STANDARD BOOK NUMBER
International Standard Book Number 052143809 :
Terms of availability KES 760
040 ## - CATALOGING SOURCE
Original cataloging agency KABU
Transcribing agency KABU
050 #0 - LIBRARY OF CONGRESS CALL NUMBER
Classification number QR41.2
Item number .S35 1993
100 1# - MAIN ENTRY--PERSONAL NAME
Personal name Schlegel, Hans G.
-- 0000155714
245 10 - TITLE STATEMENT
Title General microbiology.
250 ## - EDITION STATEMENT
Edition statement 7th ed.
260 ## - PUBLICATION, DISTRIBUTION, ETC. (IMPRINT)
Place of publication, distribution, etc. Cambridge :
Name of publisher, distributor, etc. CUP,
Date of publication, distribution, etc. 1993.
300 ## - PHYSICAL DESCRIPTION
Extent xvii, 655 p.
650 #0 - SUBJECT ADDED ENTRY--TOPICAL TERM
Topical term or geographic name as entry element Microbiology.
-- 0000155702
852 1# - LOCATION
-- p690 KES
908 ## - PUT COMMAND PARAMETER (RLIN)
Put command parameter 070530
950 ## - LOCAL HOLDINGS (RLIN)
-- 1
Holdings
Withdrawn status Lost status Source of classification or shelving scheme Not for loan Home library Current library Date acquired Total Checkouts Full call number Barcode Date last seen Date last checked out Price effective from Koha item type
    Library of Congress Classification   Kabarak, Main Campus Kabarak, Main Campus 17/12/2015 4 QR41.2 .S35 1993 c. 1 006574 27/06/2019 14/06/2019 17/12/2015 General Collection
    Library of Congress Classification   Kabarak, Main Campus Kabarak, Main Campus 17/12/2015 3 QR41.2 .S35 1993 c. 2 21700 02/03/2020 22/02/2020 17/12/2015 General Collection
Designed with assistance from East African Informatics Ltd